000 00518nam a2200181Ia 4500
005 20250326142319.0
008 250326s9999 xx 000 0 und d
037 _aTextbook
040 _aFMSL
_beng
_cFMSL
041 _aeng
_2eng
084 _aX:8 N4
_qFMSL
100 _aMathur K
_9105020
245 0 _aManagement science: The art of decision making
_cMathur K; Solow D
260 _aNew Jersey
_bNew Jersey, Prentice hall
_c1994
300 _a926p
942 _cTB
_hX:8 N4
999 _c1294437
_d1294437